LEADER 02036nam a2200421 u 4500 001 000000041333 003 CaOOAMICUS 005 20070226114213.0 008 981222s1997 it u000 u ita u 020 $a8842051861 [1 v.] 020 $a884205187X [2 v.] 020 $a8842051888 [3 v.] 035 $a10811146 040 $aMSA$bita 041 0 $aita$hger 100 1 $aBrentano, Franz Clemens,$d1838-1917.$0(OLS)http://pul/name/10539 240 10$aPsychologie vom empirischen Standpunkt.$litaliano.$0(OLS)http://pul/title/55786 245 13$aLa psicologia dal punto di vista empirico /$cFranz Brentano ; a cura di Liliana Albertazzi. 260 $aRoma :$bLaterza,$c1997. 300 $a3 v. ;$c21 cm 490 1 $aBiblioteca universale (Laterza) ;$v464-465-466 505 2 $av. 2.La classificazione dei fenomeni psichici. -- v. 3.Coscienza sensibile e coscienza noetica. 650 4$aPsicologia sperimentale.$0(OLS)http://pul/subject/4635 700 1 $aAlbertazzi, Liliana.$0(OLS)http://pul/name/30434 830 0$aBiblioteca universale (Laterza) ;$v464-465-466.$0(OLS)http://pul/title/51 850 $aPUL 852 $aPUL$W1$xSL Filosofia 1$y2$m96 G 76-78$j56036$nBK-PRI$b $qStampati$B56036$CPULBib$Z2$F56036 $H $81 852 $aPUL$W1$xSL Filosofia 1$y2$m96 G 76-78$j56036$nBK-PRI$b $qStampati$B56037$CPULBib$Z2$F56037 $H $81 852 $aPUL$W1$xSL Filosofia 1$y2$m96 G 76-78$j56036$nBK-PRI$qStampati$q $B56038$CPULBib$Z2$F56038 $H $81 941 1 $a8 961 $aINV: 80935-7 961 $aINV: 80935-7 961 $aINV: 80935-7 996 $6020$a8842051861 [1 v.]$9(OLS)http://pul/number/51521 996 $6020$a884205187X [2 v.]$9(OLS)http://pul/number/51522 996 $6020$a8842051888 [3 v.]$9(OLS)http://pul/number/51523 996 $6245$aLa psicologia dal punto di vista empirico$9(OLS)http://pul/title/55787 996 $6260$aRoma :$bLaterza$9(OLS)http://pul/publisher/47864 LEADER 00883nam a2200229 u 4500 001 000000089132 003 CaOOAMICUS 005 20070226124603.0 008 051111s1957 fr a u000 u fre u 035 $a11068191 040 $aPUL(R)$bita 100 1 $aRenault, Gilbert.$0(OLS)http://pul/name/36858 245 10$aFatima :$bespérance du monde /$cGilbert Renault. 260 $a[Paris] :$bPLON,$cstampa 1957. 300 $axxiii, 261 p. :$bill. ;$c23 cm 650 4$aMiracoli.$0(OLS)http://pul/subject/8873 651 4$aFatima.$0(OLS)http://pul/subject/29261 850 $aPUL 852 $aPUL$W1$xDP1 Fondo Pastorale$y55$mP7 E 4$j112754$nBK-PRI$b $qFondi$B112754$CPULBib$Z2$F112754 $HPUL545 $81 941 1 $a1 996 $6245$aFatima :$bespérance du monde$9(OLS)http://pul/title/115131 996 $6260$a[Paris] :$bPLON$9(OLS)http://pul/publisher/78098 LEADER 01211nam a2200301 u 4500 001 000000073873 003 CaOOAMICUS 005 20070226122411.0 008 021125s2001 it u000 u ita u 020 $a8845249239 035 $a10945824 040 $aPUL$bita 100 1 $aBettetini, Gianfranco,$d1933-$0(OLS)http://pul/name/32348 245 12$aL'audiovisivo :$bdal cinema ai nuovi media /$cGianfranco Bettetini. 250 $a2. ed. 260 $aMilano :$bBompiani,$c2001. 300 $a191 p. ;$c22 cm 490 1 $aStudi Bompiani.$aIl campo semiotico 650 4$aCinema.$0(OLS)http://pul/subject/3452 650 4$aComunicazioni di massa.$0(OLS)http://pul/subject/10410 830 0$aStudi Bompiani.$pIl campo semiotico.$0(OLS)http://pul/title/97091 850 $aPUL 852 $aPUL$W1$xSL Religione 2$y84$mRH E2 52$j95406$nBK-PRI$b $qStampati altre collocazioni$B95406$CPULBib$Z2$F95406 $H $81 941 1 $a10 961 $aINV: 87431 996 $6020$a8845249239$9(OLS)http://pul/number/95425 996 $6245$aL'audiovisivo :$bdal cinema ai nuovi media$9(OLS)http://pul/title/97090 996 $6260$aMilano :$bBompiani$9(OLS)http://pul/publisher/48240